[Event "CICL op"]
[Site "?"]
[Date "2003.05.17"]
[Round "4"]
[White "Reid, Carl"]
[Black "Olsen, Art"]
[Result "1-0"]
[WhiteElo "1463"]
[BlackElo "1519"]
[PlyCount "77"]
[SourceDate "2003.05.17"]

1. d4 d5 2. Nf3 Nc6 3. e3 Nf6 4. c4 Bg4 5. Nbd2 Ne4 6. Qb3 Rb8 7. cxd5 {
Diagram #} 7... Nxd4 8. Nxd4 Nd6 9. Bd3 a6 10. O-O g6 11. N2f3 Bg7 {Diagram #}
12. Ne5 Bxe5 13. f3 Bd7 14. Ne2 O-O 15. e4 e6 16. f4 Bg7 17. e5 Ne8 18. dxe6
Bxe6 19. Qc2 c6 20. Be3 Kh8 21. Rad1 Qc8 22. Bc5 Rg8 23. Nc3 {Diagram #} 23...
b6 24. Be3 c5 25. Be4 Nc7 26. Rd2 Rd8 27. Rxd8+ Qxd8 28. Rd1 Qe7 29. Qd2 Ne8 {
Diagram #} 30. Nd5 Qa7 31. Bf2 h6 32. Qc2 Nc7 33. Bh4 Nxd5 34. Bxd5 Bxd5 35.
Rxd5 Rc8 36. Qd1 {Diagram #} 36... Re8 37. Rd7 Qa8 38. Rd8 Rxd8 39. Qxd8+ 1-0

[Event "CICL op"]
[Site "?"]
[Date "2003.05.17"]
[Round "4"]
[White "Marshall, Kevin"]
[Black "Gaines, Irwin"]
[Result "0-1"]
[WhiteElo "1360"]
[BlackElo "1744"]
[PlyCount "111"]
[SourceDate "2003.05.17"]

1. d4 Nf6 2. Nf3 g6 3. c3 Bg7 4. g3 O-O 5. Bg2 d5 6. Qc2 Bf5 7. Qb3 b6 8. O-O
c5 9. Bf4 Nbd7 10. Ne5 c4 {Diagram #} 11. Qb5 Nxe5 12. Bxe5 Bd7 13. Qb4 Bc6 14.
b3 a5 15. Qa3 Rc8 16. Nd2 b5 17. bxc4 dxc4 18. Rab1 Bxg2 19. Kxg2 Qd5+ 20. f3 {
Diagram #} 20... Ng4 21. e4 Ne3+ 22. Kf2 b4 23. exd5 bxa3 24. Kxe3 Bh6+ 25. Ke2
f6 26. Bf4 Bxf4 27. gxf4 Rfd8 28. Rb5 Rb8 29. Rfb1 {Diagram #} 29... Ra8 30.
Nxc4 Ra6 31. Rxa5 Rxa5 32. Nxa5 Rxd5 33. Nc4 Rh5 34. Rh1 Kf7 35. Kf2 Ke6 {
Diagram #} 36. Ne3 Rb5 37. Rc1 g5 38. f5+ Kf7 39. d5 h5 40. c4 Rb2+ 41. Rc2 Rb1
42. Rc3 Rb2+ 43. Rc2 g4 44. fxg4 hxg4 45. Kg3 Rb1 46. Kxg4 Rg1+ 47. Kh3 Rb1 48.
Rc3 Rb8 49. Rxa3 {Diagram #} 49... Rh8+ 50. Kg2 Rh4 51. Rb3 Rd4 52. a4 Rd2+ 53.
Kf3 Rxh2 54. Kg3 Ra2 55. c5 Rxa4 56. c6 {Diagram # No more score recorded.
White was able to queen, and was on his way to mate when WHITE FLAGGED} 0-1